• 首页
  • 本馆介绍
  • 公告通知
  • 最新文献
  • 馆藏检索
  • 电子资源
  • 读者导购
  • 参考咨询
  • 我的图书馆
  • 登录
  • 详细信息显示
  • 放入我的书架
  • 预约/预借图书
  • 作者相关作品
  • 分类相关作品
  • 丛书相关作品
  • 出版社相关作品

书目信息

  • 表格格式
  • 工作单格式
  • 卡片格式
题名:
企业财务人员现金管理技巧与错弊防范
    
 
作者: 石庆年 主编
分册:  
出版信息: 北京   中国经济出版社  2008
页数: 350页
开本: 21cm
丛书名: 企业财务人员基本业务能力训练丛书
单 册:
中图分类: F275.1
科图分类:
主题词: 企业管理--现金管理 , 企业管理 , 现金管理
电子资源:
ISBN: 978-7-5017-8199-7
000 00976oam2 2200277 45
001 1050862750
005 20100415165913.82
010    @a978-7-5017-8199-7@dCNY29.00
100    @a20100409d2008 ekmy0chiy0120 ea
101 0  @achi
102    @aCN@b110000
105    @ay z 000yy
106    @ar
200 1  @a企业财务人员现金管理技巧与错弊防范@AQi Ye Cai Wu Ren Yuan Xian Jin Guan Li Ji Qiao Yu Cuo Bi Fang Fan@f石庆年主编@FShi Qing Nian Zhu Bian
210    @a北京@c中国经济出版社@d2008
215    @a350页@d21cm
225 2  @a企业财务人员基本业务能力训练丛书
330    @a本书介绍了企业财务人员现金管理技巧与错弊防范。具体内容包括:现金、银行存款、其他货币资金、货币资金账务处理、备用金核算等。
461  0 @12001 @a企业财务人员基本业务能力训练丛书
606 0  @a企业管理@x现金管理
606 0  @a企业管理
606 0  @a现金管理
690    @aF275.1@v4
701  0 @a石庆年@AShi Qing Nian@4主编
801  0 @aCN@bTANGWEI@c20100415
905    @b0591193-96@dF275.1@e862@f4
    
    企业财务人员现金管理技巧与错弊防范/石庆年主编.-北京:中国经济出版社,2008
    350页;21cm.-(企业财务人员基本业务能力训练丛书)
    
    
    ISBN 978-7-5017-8199-7:CNY29.00
    本书介绍了企业财务人员现金管理技巧与错弊防范。具体内容包括:现金、银行存款、其他货币资金、货币资金账务处理、备用金核算等。
●
相关链接 在E读中查询图书 在五车中查询图书 在当当中查询图书 在豆瓣中查询图书


正题名:企业财务人员现金管理技巧与错弊防范     索取号:F275.1/862         预约/预借

序号 登录号 条形码 馆藏地/架位号 状态 备注
1 0591193   205911931   第一样本阅览室/ [索取号:F275.1/862] 在馆    
2 0591194   205911940   第一借阅区/ [索取号:F275.1/862] 在馆    
3 0591195   205911959   密集书库-海洋学院/ [索取号:F275.1/862] 在馆    
4 0591196   205911968   第一借阅区/ [索取号:F275.1/862] 在馆    
唐山师范学院图书馆 欢迎您!
大连网信软件有限公司© 版权所有